000 00875nam a2200193 a 4500
008 120416s1996 ||||||||||||||||| || u
020 _a0521564360
050 _aQC 981.8.C5 Int
100 _aHoughton, J. T
245 1 0 _aClimate change 1995: the science of climate change
_cedited by J.T. Houghton [and others]
260 _aCambridge
_bCambridge University Press
_c1996
300 _axii, 572p. : ill.
350 _a0.00
500 _aBibliography
650 _aCLIMATE CHANGE--COMESA
650 _aATMOSPHERE
995 _aMAIN LIBRARY OPEN ACCESS
_D0.00
_e729032
_FCBU-MAIN LIBRARY (Kitwe)
_H2
_I40.00
_jQC 981.8.C5 Int
_M2
_UAVAILABLE
_WApr 26, 2007
_y021098
_ZMain Library Open Access Collection
995 _aMAIN LIBRARY OPEN ACCESS
_D0.00
_e729973
_FCBU-MAIN LIBRARY (Kitwe)
_H1
_I40.00
_jQC 981.8.C5 Int
_M1
_UAVAILABLE
_WApr 26, 2007
_y023769
_ZMain Library Open Access Collection
999 _c79402
_d79402